| 000 | 00586nam a22001937a 4500 | ||
|---|---|---|---|
| 999 |
_c171130 _d171130 |
||
| 005 | 20200107113418.0 | ||
| 010 | _aENG-127320 | ||
| 020 |
_a9789386519207 _c350.00 |
||
| 035 | _aEN-110852 | ||
| 037 | _bDBAD/PUB | ||
| 082 | _a591.5 | ||
| 100 | _aNatrajan,P. | ||
| 245 |
_aAnimal behaviour/ _cby P.Natarajan [and]N.Arumugam |
||
| 260 |
_aKanyakumari _bSaras publication _c2018 |
||
| 270 |
_a114/35G,A.R.P.Camp Road,Periavilai,Kottar P.O,Nagercoil _bKanyakumari _e629002 |
||
| 300 |
_a712p. _c23cm(pbk) |
||
| 500 | _aincludes index. | ||
| 942 |
_2ddc _cEN _mNAT _h591.5 |
||